000
00328nam a22001457a 4500
003
SGT
020
_a
9789388548526
082
_a
345.06
_b
KAN
100
_a
KANNAN ,K
245
_a
RATANLAL AND DHIRAJLAL THE LAW OF EVIDENCE
250
_a
27
260
_a
GURGAON
_b
LEXIS NEXIS
_c
2022
300
_a
CIV , 776
942
_2
ddc
_c
BK
999
_c
23029
_d
23029